00967nam a2200241 a 450000100100000000500170001000800410002704000250006804100390009308200130013210000370014524000470018224501450022926000410037430000210041549000160043653400700045270000380052283000220056004900090058295201170059199900170070800002587720200930024123.0110223s1975 ag r 000 0 spa d aDO-SdBNPbspacBNPHU17aspaheng2Código de idiomas MARC ann*bnn*1 aRockerfeller III, John D.95272814aThe second american revolution.lEspañol13aLa segunda revolución norteamericana :balgunas observaciones personales /cJohn D. Rockefeller III ; traducción de Canio Carmelo Cillo. aBuenos Aires :bTres Tiempos,c1975. a152 p. ;c23 cm.1 aEnsayos.v1 aTítulo de la obra en inglés :tThe second american revolution1 aCarmelo Cillo, Canio,etr.952729 0aEnsayosv1911110 aBNGR 001054708MOaGRbGRcCTd2011-02-23iLF1l0onn* nn*p25877-10r2020-06-25w2020-06-25y4ZPréstamo en sala c25369d25369